Shigeru Ban: complete works, 1985-2010

Saved in:
Bibliografiske detaljer
Hovedforfatter: Jodidio, Philip (Author)
Format: Bog
Sprog:spansk
italiensk
Udgivet: Colonia Taschen 2010
Fag:
Tags: Tilføj Tag
Ingen Tags, Vær først til at tagge denne postø!

MARC

LEADER 00000cam a2200000 a 4500
001 UCF3225
003 CL-VaPUC
008 121004e20100000GW |||||||||||||||||spa|d
020 |a 9783836517003 
041 0 7 |a spa  |2 CL-VaPUC 
041 0 7 |a ita  |2 CL-VaPUC 
082 0 4 |a 720  |b JOD  |2 21 
100 |a Jodidio, Philip  |e author  |9 596614 
245 1 0 |a Shigeru Ban: complete works, 1985-2010 
300 |a 464 p 
942 |c BK 
945 |d 20121004 00:00:00  |a dcastane 
260 |a Colonia  |b Taschen  |c 2010 
650 0 |a Arquitectura  |9 804558 
650 0 |a Arquitectura japonesa   |9 334028 
650 0 |a Arquitectos japoneses   |9 428615 
650 0 |a Diseño arquitectónico   |9 265271 
583 |a last modification  |c 20121004 18:42:00  |k Rodrigo Vera 
999 |c 349692  |d 349690 
952 |0 0  |1 0  |4 0  |6 720_000000000000000_JOD_2010  |7 0  |8 A  |9 452422  |a BIBING  |b BIBING  |d 2019-11-22  |i 491077K  |o 720 JOD 2010  |p 491077K  |r 2025-01-20  |w 2019-11-22  |y BK  |k CUI